Traficantes de armas
Uloženo v:
| Hlavní autor: | |
|---|---|
| Médium: | Kniha |
| Jazyk: | španělština |
| Vydáno: |
Buenos Aires
Emecé
1986
|
| Vydání: | 1a. ed |
| Edice: | Grandes Novelistas
|
| Témata: | |
| Tagy: |
Přidat tag
Žádné tagy, Buďte první, kdo vytvoří štítek k tomuto záznamu!
|
MARC
| LEADER | 00000cam a2200000 a 4500 | ||
|---|---|---|---|
| 001 | UCD2010 | ||
| 003 | CL-VaPUC | ||
| 008 | 160407e19860000ag |||||||||||||||||spa|d | ||
| 020 | |a 9500405695 | ||
| 082 | 0 | 4 | |a 813 |b BLA |2 21 |
| 100 | 0 | |a Black, Jonathan |e author |9 585238 | |
| 245 | 1 | 0 | |a Traficantes de armas |
| 250 | |a 1a. ed | ||
| 300 | |a 517 p | ||
| 942 | |c BK | ||
| 945 | |d 20160407 22:06:00 |a arojas | ||
| 260 | |a Buenos Aires |b Emecé |c 1986 | ||
| 650 | 0 | |a Novelas estadounidenses |9 265217 | |
| 650 | 0 | |a Ficción |9 376687 | |
| 650 | 0 | |a Literatura estadounidense |9 317168 | |
| 583 | |a last modification |c 20160407 22:06:00 |k Rodrigo Vera | ||
| 490 | 0 | |a Grandes Novelistas | |
| 999 | |c 363217 |d 363215 | ||
| 952 | |0 0 |1 0 |3 erb |4 0 |6 813_000000000000000_BLA_1986 |7 0 |8 C |9 475099 |a BIBCUR |b BIBCUR |i 5269296 |l 1 |o 813 BLA 1986 |p 5269296 |r 2025-04-22 |s 2024-07-01 |w 2019-11-24 |y BK |z Catalogado en:20160407 |k CAC | ||